Geotechnical analysis of railway tunnel design
Saved in:
| Main Author: | |
|---|---|
| Other Authors: | |
| Format: | Manuscript Book |
| Language: | Slovak English |
| Published: |
2023
|
| Subjects: | |
| Online Access: | http://is.stuba.sk/zp/portal_zp.pl?podrobnosti=171275 https://opac.crzp.sk/?fn=detailBiblioForm&sid=C0DEB8E07572332BA9250C15805F |
| Tags: |
No Tags, Be the first to tag this record!
|
MARC
| LEADER | 00000ntm a22000003a 4500 | ||
|---|---|---|---|
| 001 | stuzp94737 | ||
| 003 | SK-STU | ||
| 005 | 20230921111950.0 | ||
| 007 | ta | ||
| 008 | 150427s2015----xo-----f-mn---000-0-slo-d | ||
| 040 | |a STU |b slo | ||
| 041 | 0 | |a eng | |
| 100 | 1 | |a Saied, Elias |u 010150 |4 aut |U SvF Stavebná fakulta |T SvF Katedra geotechniky |X 112736 |U V150 |Y 15 |7 112736 | |
| 242 | 0 | 1 | |a Analýza geotechnického návrhu železničného tunela |y slo |
| 245 | 1 | 0 | |a Geotechnical analysis of railway tunnel design |
| 260 | |c 2023 | ||
| 650 | 4 | |a geotechnický návrh |2 slo | |
| 650 | 4 | |a geologické prostredie |2 slo | |
| 650 | 4 | |a železničný tunel |2 slo | |
| 650 | 4 | |a geological environment |2 eng | |
| 650 | 4 | |a geotechnical design |2 eng | |
| 650 | 4 | |a railway tunnel |2 eng | |
| 700 | 1 | |a Frankovská, Jana |u 010150 |k Z1 |4 ths |U SvF Stavebná fakulta |T SvF Katedra geotechniky |X 3849 |U V150 |Y 15 |7 A000003849 | |
| 856 | 4 | |u http://is.stuba.sk/zp/portal_zp.pl?podrobnosti=171275 | |
| 856 | 4 | |u https://opac.crzp.sk/?fn=detailBiblioForm&sid=C0DEB8E07572332BA9250C15805F | |